Il Mondo. (Record no. 1482)

MARC details
000 -LEADER
campo de control de longitud fija 00897nas a2200265 i 4500
001 - NÚMERO DE CONTROL
campo de control 1482
003 - IDENTIFICADOR DE NÚMERO DE CONTROL
campo de control ES-MaACL
005 - FECHA Y HORA DE LA ÚLTIMA TRANSACCIÓN
campo de control 20250416144201.0
007 - CAMPO FIJO DE DESCRIPCIÓN FÍSICA--INFORMACIÓN GENERAL
campo de control de longitud fija t|
008 - DATOS DE LONGITUD FIJA--INFORMACIÓN GENERAL
campo de control de longitud fija 950801c1949 it w| | 1 ||ta d
080 ## - NÚMERO DE LA CLASIFICACIÓN DECIMAL UNIVERSAL
Número de la Clasificación Decimal Universal 05
245 03 - MENCIÓN DEL TÍTULO
Título Il Mondo.
260 ## - PUBLICACIÓN, DISTRIBUCIÓN, ETC.
Lugar de publicación, distribución, etc. Roma :
Nombre del editor, distribuidor, etc. [s.n.],
Fecha de publicación, distribución, etc. 1949-
300 ## - DESCRIPCIÓN FÍSICA
Extensión v :
Otras características físicas grab ;
Dimensiones 57 y 28 cm.
310 ## - PERIODICIDAD ACTUAL
Periodicidad actual Semanal
362 0# - FECHAS DE PUBLICACIÓN Y/O DESIGNACIÓN SECUENCIAL
Fecha de publicación y/o designación secuencial Año I (1949)-
515 ## - NOTA DE PECULIARIDADES DE LA NUMERACIÓN
Nota de peculiaridades de la numeración No se publica en enero-febrero 1996.
650 14 - PUNTO DE ACCESO ADICIONAL DE MATERIA--TÉRMINO DE MATERIA
Término de materia o nombre geográfico como elemento de entrada Revistas de información general.
9 (RLIN) 16896
655 #7 - TERMINO DE INDIZACIÓN--GENERO/FORMA
Fuente del término tgfbne
9 (RLIN) 226866
Datos o término principal de género/forma Revistas
852 ## - LOCALIZACIÓN
Ubicación ES-MaACL
Número de control de estantería HEM-1760
Signatura antigua Olim: Hem-1214
itemnumber 1510
Ubicación en estantería Hemeroteca
866 #0 - MENCIÓN TEXTUAL DE FONDOS--UNIDAD BIBLIOGRÁFICA BÁSICA
Fondos (1974f.en-jul)(1975f.n34-35)(1976f.n16y50)(1977f.n28)(1978f.n9)1979-87(1988 f.n34-35)(1989f.n1-17)1990(1991f.n1-18)(1992 f.n38y45)1993-95(1996 f.n13,18,25)1997-99(2000 f.ag-dic).
Nota pública Deja de recibirse
942 ## - ELEMENTOS DE ENTRADA SECUNDARIOS (KOHA)
Fuente del sistema de clasificación o colocación Clasificación decimal universal
Tipo de ítem Koha Revista
Holdings
Estatus retirado Estado de pérdida Fuente del sistema de clasificación o colocación Estado de daño No para préstamo Colección Biblioteca de origen Biblioteca actual Ubicación en estantería Fecha de adquisición Total de préstamos Signatura topográfica completa Código de barras Visto por última vez Precio de reemplazo Tipo de ítem Koha
    Clasificación decimal universal     Periódicos y Revistas Biblioteca del Ateneo de Madrid Biblioteca del Ateneo de Madrid Hemeroteca 17/01/2008   Hem-1760 1001512 23/02/2023 23/02/2023 Revista